00847cam a2200217 a 4500001000500000005001700005020001800022040002300040050002000063082001300083100001900096245007700115250004300192260003500235300004700270505000800317520021800325521002000543521002000563650004600583383420240515160241.0 a9780545727655 aDLCcDLCdDLCbeng00aTK140.E3b 201200a621.30921 aBarretta, Gene10aTimeless Thomas :bhow Thomas Edison changed our lives /cGene Barretta. aFirst Scholastic printing , April 2014 aNew York :bScholastic ;c2012 a36 pages : bcolor illustrations ;c23 cm. aZ  aShares a portrait of the inventor famed for such innovations as the incandescent lightbulb, batteries, and movie cameras, exploring his life-changing achievements and perseverance in the face of numerous failures. a900 bLexile  aZ bRaz-Plus  0aInventionsxHistoryvJuvenile literature.